Journal of Alcohol Education

محفوظ في:

التنسيق: دورية

اللغة: Undetermined

منشور في: JSTOR
Journal of Alcohol and Drug Education (JADE)

الموضوعات:

الوصول للمادة أونلاين: Login to view Source

الوسوم: إضافة وسم

لا توجد وسوم, كن أول من يضع وسما على هذه التسجيلة!

رقم الطلب:

LEADER 00576nas a2200181Ia 4500
008 220214c99999999xx |||||||||||| ||und||
022 |a 0021-8677 
245 0 0 |a Journal of Alcohol Education 
264 1 |b JSTOR 
264 1 |b Journal of Alcohol and Drug Education (JADE) 
362 0 |a Vol. 12(1966)-17 (1971) 
653 1 0 |a Health Policy 
653 1 0 |a Medicine & Allied Health 
653 1 0 |a Social Sciences 
856 4 0 |u https://www.jstor.org/journal/jalcoeduc 
942 |c JL 
952 |0 0  |1 0  |4 0  |7 1  |9 35498  |a JSR  |b JSR  |d 2022-02-14  |l 0  |r 2022-02-14 00:00:00  |w 2022-02-14  |y JL 
999 |c 43831  |d 43831